| 000 | 00836nam a22002057a 4500 | ||
|---|---|---|---|
| 999 |
_c19534 _d19534 |
||
| 003 | AR-CdUCM | ||
| 008 | 190517b ||||| |||| 00| 0 spa d | ||
| 040 |
_aMUNICIPALIDAD PROVINCIAL DEL CUSCO _cBIBLIOTECA MUNICIPAL DEL CUSCO |
||
| 082 |
_26ed. _a803.09 / _bAM54 |
||
| 100 |
_aAmorós, Andrés _9885 |
||
| 245 | _aIntroducción a la novela contemporánea / | ||
| 260 |
_aMadrid : _bEdiciones Cátedra, _c1981. |
||
| 300 |
_a258 páginas ; _c22 cm. |
||
| 505 | _aContenido: Planteamiento -- Evolución -- La novela del siglo XIX -- Mundo estable -- Crisis de esta novela: cronología -- La novela del siglo XX. mundo inquietante -- Produndización de la psicología -- Perspectivismo ... | ||
| 650 |
_aNovela _95 |
||
| 650 |
_aHistoria y crítica _95993 |
||
| 650 |
_aSiglo XX _98 |
||
| 942 |
_2ddc _cLIBROS |
||
| 945 |
_aachl _d2019-05-17 |
||